<?xml version="1.0" encoding="UTF-8"?>
<record
    xmlns:xsi="http://www.w3.org/2001/XMLSchema-instance"
    xsi:schemaLocation="http://www.loc.gov/MARC21/slim http://www.loc.gov/standards/marcxml/schema/MARC21slim.xsd"
    xmlns="http://www.loc.gov/MARC21/slim">

  <leader>01229cam a2200241Ka 4500</leader>
  <datafield tag="020" ind1=" " ind2=" ">
    <subfield code="a">9789251061350</subfield>
  </datafield>
  <datafield tag="020" ind1=" " ind2=" ">
    <subfield code="a">9251061351</subfield>
  </datafield>
  <datafield tag="040" ind1=" " ind2=" ">
    <subfield code="c">BTCTA</subfield>
  </datafield>
  <datafield tag="082" ind1=" " ind2=" ">
    <subfield code="a">635 RUR 2009 A036 Or.</subfield>
  </datafield>
  <datafield tag="100" ind1="1" ind2=" ">
    <subfield code="a">Marshall, E.</subfield>
  </datafield>
  <datafield tag="245" ind1="1" ind2="0">
    <subfield code="a">Make money by growing mushrooms /</subfield>
  </datafield>
  <datafield tag="260" ind1=" " ind2=" ">
    <subfield code="a">Rome :</subfield>
    <subfield code="b">Rural Infrastructure and Agro-Industries Division, Food and Agriculture Organization of the United Nations,</subfield>
    <subfield code="c">2009</subfield>
  </datafield>
  <datafield tag="300" ind1=" " ind2=" ">
    <subfield code="a">vii, 53 p. :</subfield>
    <subfield code="b">ill. ;</subfield>
    <subfield code="c">21 cm</subfield>
  </datafield>
  <datafield tag="490" ind1="1" ind2=" ">
    <subfield code="a">FAO diversification booklet,</subfield>
  </datafield>
  <datafield tag="520" ind1=" " ind2=" ">
    <subfield code="a">Mushroom cultivation can help reduce vulnerability to poverty and strengthens livelihoods through the generation of fats yielding and nutritious source of food and a reliable source of income. This booklet addresses what to do and how to promote sustainable development of mushroom cultivation for the benefit of the poor. It is aimed at people and organizations providing advisory, business and technical support services.--Publisher's description</subfield>
  </datafield>
  <datafield tag="650" ind1=" " ind2="0">
    <subfield code="a">Mushroom culture</subfield>
  </datafield>
  <datafield tag="650" ind1=" " ind2="0">
    <subfield code="a">Mushroom culture</subfield>
  </datafield>
  <datafield tag="650" ind1=" " ind2="0">
    <subfield code="a">Edible mushrooms</subfield>
  </datafield>
  <datafield tag="700" ind1="1" ind2=" ">
    <subfield code="a">Nair, N. G</subfield>
  </datafield>
  <datafield tag="710" ind1="2" ind2=" ">
    <subfield code="a">Food and Agriculture Organization of the United Nations</subfield>
  </datafield>
  <datafield tag="856" ind1="1" ind2="1">
    <subfield code="u">ftp://ftp.fao.org/docrep/fao/011/i0522e/i0522e00.pdf</subfield>
  </datafield>
  <datafield tag="942" ind1=" " ind2=" ">
    <subfield code="c">EK</subfield>
  </datafield>
  <datafield tag="999" ind1=" " ind2=" ">
    <subfield code="c">11345</subfield>
    <subfield code="d">11345</subfield>
  </datafield>
  <datafield tag="952" ind1=" " ind2=" ">
    <subfield code="0">0</subfield>
    <subfield code="1">0</subfield>
    <subfield code="4">0</subfield>
    <subfield code="6">635_000000000000000_RUR_2009_A036_OR</subfield>
    <subfield code="7">0</subfield>
    <subfield code="9">59006</subfield>
    <subfield code="a">LBA</subfield>
    <subfield code="b">LBA</subfield>
    <subfield code="c">A036</subfield>
    <subfield code="d">2017-08-01</subfield>
    <subfield code="o">635 RUR 2009 A036 Or.</subfield>
    <subfield code="p">RUA060413</subfield>
    <subfield code="r">2017-08-01</subfield>
    <subfield code="y">EK</subfield>
  </datafield>
  <datafield tag="952" ind1=" " ind2=" ">
    <subfield code="0">0</subfield>
    <subfield code="1">0</subfield>
    <subfield code="4">0</subfield>
    <subfield code="6">635_000000000000000_RUR_2009_A036_OR</subfield>
    <subfield code="7">0</subfield>
    <subfield code="9">59007</subfield>
    <subfield code="a">LBA</subfield>
    <subfield code="b">LBA</subfield>
    <subfield code="c">A036</subfield>
    <subfield code="d">2017-08-01</subfield>
    <subfield code="o">635 RUR 2009 A036 Or.</subfield>
    <subfield code="p">RUA060511</subfield>
    <subfield code="r">2017-08-01</subfield>
    <subfield code="y">EK</subfield>
  </datafield>
  <datafield tag="952" ind1=" " ind2=" ">
    <subfield code="0">0</subfield>
    <subfield code="1">0</subfield>
    <subfield code="4">0</subfield>
    <subfield code="6">635_000000000000000_RUR_2009_A036_OR</subfield>
    <subfield code="7">0</subfield>
    <subfield code="9">59008</subfield>
    <subfield code="a">LBA</subfield>
    <subfield code="b">LBA</subfield>
    <subfield code="c">A036</subfield>
    <subfield code="d">2017-08-01</subfield>
    <subfield code="o">635 RUR 2009 A036 Or.</subfield>
    <subfield code="p">RUA060537</subfield>
    <subfield code="r">2017-08-01</subfield>
    <subfield code="y">EK</subfield>
  </datafield>
  <datafield tag="952" ind1=" " ind2=" ">
    <subfield code="0">0</subfield>
    <subfield code="1">0</subfield>
    <subfield code="4">0</subfield>
    <subfield code="6">635_000000000000000_RUR_2009_A036_OR</subfield>
    <subfield code="7">0</subfield>
    <subfield code="9">59009</subfield>
    <subfield code="a">LBA</subfield>
    <subfield code="b">LBA</subfield>
    <subfield code="c">A036</subfield>
    <subfield code="d">2017-08-01</subfield>
    <subfield code="o">635 RUR 2009 A036 Or.</subfield>
    <subfield code="p">RUA060927</subfield>
    <subfield code="r">2017-08-01</subfield>
    <subfield code="y">EK</subfield>
  </datafield>
  <datafield tag="952" ind1=" " ind2=" ">
    <subfield code="0">0</subfield>
    <subfield code="1">0</subfield>
    <subfield code="4">0</subfield>
    <subfield code="6">635_000000000000000_RUR_2009_A036_OR</subfield>
    <subfield code="7">0</subfield>
    <subfield code="9">59010</subfield>
    <subfield code="a">LBA</subfield>
    <subfield code="b">LBA</subfield>
    <subfield code="c">A036</subfield>
    <subfield code="d">2017-08-01</subfield>
    <subfield code="o">635 RUR 2009 A036 Or.</subfield>
    <subfield code="p">RUA060566</subfield>
    <subfield code="r">2017-08-01</subfield>
    <subfield code="y">EK</subfield>
  </datafield>
  <datafield tag="952" ind1=" " ind2=" ">
    <subfield code="0">0</subfield>
    <subfield code="1">0</subfield>
    <subfield code="4">0</subfield>
    <subfield code="6">635_000000000000000_RUR_2009_A036_OR</subfield>
    <subfield code="7">0</subfield>
    <subfield code="9">59011</subfield>
    <subfield code="a">LBA</subfield>
    <subfield code="b">LBA</subfield>
    <subfield code="c">A036</subfield>
    <subfield code="d">2017-08-01</subfield>
    <subfield code="o">635 RUR 2009 A036 Or.</subfield>
    <subfield code="p">RUA060682</subfield>
    <subfield code="r">2017-08-01</subfield>
    <subfield code="w">2017-08-01</subfield>
    <subfield code="y">EK</subfield>
  </datafield>
</record>
